| 000 | 00882nam a2200313 a 4500 | ||
|---|---|---|---|
| 003 | AR-BaBNM | ||
| 005 | 20251128205410.0 | ||
| 008 | 082120s2002 ||||||||||||||000 | spa|| | ||
| 020 | _a84-7774-861-6 | ||
| 040 | _cAR-BaBNM | ||
| 100 | 1 | _aHarris, James W. | |
| 245 | 0 | 0 |
_aLa estructura silábica y el acento en español _banálisis no lineal |
| 260 |
_aMadrid _bVisor _c1991 |
||
| 300 |
_a208 p. _bgráfs. |
||
| 490 | 0 |
_aLingüística y conocimiento _vv. 11 |
|
| 500 | _aContiene referencias bibliográficas en p. 201 | ||
| 650 | 4 | _aFONOLOGIA | |
| 650 | 4 | _aESPAÑOL | |
| 650 | 4 | _aORTOGRAFIA | |
| 650 | 4 | _aLINGÜISTICA | |
| 650 | 4 | _aGRAMATICA | |
| 650 | 4 | _aLENGUAS ROMANCES | |
| 650 | 4 | _aINVESTIGACION LINGÜISTICA | |
| 650 | 4 | _aFONETICA | |
| 700 | 1 |
_aFernández Soriano, Olga _etraductor |
|
| 800 | 1 |
_aPiera, Carlos _edirector |
|
| 942 | _cBK | ||
| 998 | _cMARTIN | ||
| 999 |
_c11268 _d11268 |
||